[Event "Open de Cappelle la Grande"]
[Site "?"]
[Date "2002.??.??"]
[Round "3.33"]
[White "Grabarczyk, Miroslaw"]
[Black "Andrzejewska, Edyta"]
[Result "1-0"]
[WhiteElo "2495"]
[BlackElo "2231"]
[PlyCount "73"]

1. d4 Nf6 2. c4 g6 3. g3 Bg7 4. Bg2 O-O 5. Nc3 d6 6. Nf3 Nc6 7. O-O a6 8. Qd3
Nd7 9. b3 e6 10. Bb2 Rb8 11. d5 Nce5 12. Qd2 Nxf3+ 13. exf3 b5 14. dxe6 fxe6
15. cxb5 axb5 16. f4 b4 17. Ne4 Nf6 18. Rfe1 Nxe4 19. Bxe4 Bxb2 20. Qxb2 Qf6
21. Qd2 Bb7 22. Rac1 Bxe4 23. Rxe4 Qf5 24. Qe2 Ra8 25. Rxb4 Ra7 26. a4 c5 27.
Rb6 Rd8 28. Re1 Kf7 29. h4 h6 30. a5 h5 31. a6 Rdd7 32. Qb2 Qf6 33. Qd2 Qd8 34.
Qa5 Qc8 35. Qb5 Ke7 36. Qc4 Rd8 37. Qd5 1-0

[Event "Open de Cappelle la Grande"]
[Site "?"]
[Date "2002.??.??"]
[Round "3.46"]
[White "Nikcevic, Nebojsa"]
[Black "Sheperd, Michael"]
[Result "1-0"]
[WhiteElo "2457"]
[BlackElo "2071"]
[PlyCount "43"]

1. c4 b6 2. Nc3 Bb7 3. d4 e6 4. Nf3 Bb4 5. Qc2 f5 6. g3 Nf6 7. Bg2 O-O 8. O-O
Qe8 9. Nb5 Na6 10. Bf4 Qc8 11. Rfd1 Be4 12. Qb3 Be7 13. Bf1 Nh5 14. Bg5 Bxg5
15. Nxg5 Bb7 16. d5 Nc5 17. Qc2 a6 18. Nc3 h6 19. Nf3 d6 20. b4 Ne4 21. Nxe4
fxe4 22. Bh3 1-0

[Event "Open de Cappelle la Grande"]
[Site "?"]
[Date "2002.??.??"]
[Round "3.44"]
[White "Berkvens, Joost"]
[Black "Minnican, Alan"]
[Result "1-0"]
[WhiteElo "2461"]
[BlackElo "2175"]
[PlyCount "47"]

1. d4 e6 2. c4 b6 3. e4 Bb7 4. Bd3 f5 5. exf5 Bb4+ 6. Kf1 Nf6 7. Be2 O-O 8. c5
bxc5 9. a3 Ba5 10. dxc5 Ne4 11. b4 Qf6 12. Ra2 Bd5 13. Rb2 Nc6 14. Nd2 Qd4 15.
Nxe4 Qxe4 16. Nf3 Qxf5 17. h4 Ne5 18. Rh3 Rf7 19. Qd4 Nc6 20. Qc3 e5 21. Be3
Raf8 22. Ng5 Rf6 23. g4 Qg6 24. h5 1-0

[Event "Open de Cappelle la Grande"]
[Site "?"]
[Date "2002.??.??"]
[Round "3.50"]
[White "Chanelle, Patrick"]
[Black "Velicka, Petr"]
[Result "0-1"]
[WhiteElo "1930"]
[BlackElo "2445"]
[PlyCount "50"]

1. d4 Nf6 2. Nf3 c5 3. c3 e6 4. e3 d5 5. Bd3 Nc6 6. Nbd2 Bd6 7. O-O O-O 8. dxc5
Bxc5 9. e4 Bb6 10. exd5 exd5 11. Nb3 Bg4 12. h3 Bh5 13. Bg5 Qd6 14. Bxf6 Qxf6
15. g4 Bg6 16. Bxg6 hxg6 17. Nbd4 Rfe8 18. Nxc6 bxc6 19. Nd4 Re4 20. Qc2 Bxd4
21. cxd4 Rxd4 22. b3 Qf3 23. Rad1 Rxd1 24. Rxd1 Re8 25. Qd3 Re1+ 0-1

[Event "Open de Cappelle la Grande"]
[Site "?"]
[Date "2002.??.??"]
[Round "3.42"]
[White "Rendle, Thomas"]
[Black "Rizouk, Aimen"]
[Result "1/2-1/2"]
[WhiteElo "2135"]
[BlackElo "2467"]
[PlyCount "109"]

1. e4 e5 2. Nf3 Nc6 3. Bb5 Nf6 4. O-O Nxe4 5. d4 Nd6 6. Bxc6 dxc6 7. dxe5 Nf5
8. Qxd8+ Kxd8 9. Nc3 Bd7 10. b3 Kc8 11. Bb2 Be7 12. Ne4 h5 13. Rfe1 a5 14. Neg5
Be8 15. a4 Ra6 16. e6 f6 17. Ne4 c5 18. Ng3 Bg6 19. Re2 h4 20. Nxf5 Bxf5 21.
Rae1 h3 22. g3 Rd8 23. Nh4 Bh7 24. g4 Rh8 25. Nf5 Bxf5 26. gxf5 Rh5 27. Re3
Rxf5 28. Rxh3 Rd6 29. Rh7 Rg5+ 30. Kf1 Rd8 31. h4 Rg4 32. f3 Rg3 33. Kf2 Bd6
34. Be5 Rg6 35. h5 Rg5 36. Bxd6 cxd6 37. f4 Rg4 38. Kf3 f5 39. h6 gxh6 40. Rxh6
Rdg8 41. Rf6 Rg3+ 42. Ke2 R3g6 43. Rxg6 Rxg6 44. Kd3 Kd8 45. e7+ Ke8 46. Kc4
Rg4 47. Kd5 Rxf4 48. Kxd6 c4 49. Re5 cxb3 50. cxb3 Rd4+ 51. Kc7 f4 52. Kxb7
Rb4+ 53. Kc6 Rxb3 54. Rxa5 Kxe7 55. Rf5 1/2-1/2

[Event "Open de Cappelle la Grande"]
[Site "?"]
[Date "2002.??.??"]
[Round "3.36"]
[White "Legky, Nikolay"]
[Black "Steenbekkers"]
[Result "1/2-1/2"]
[WhiteElo "2485"]
[BlackElo "2194"]
[PlyCount "104"]

1. d4 Nf6 2. Nf3 g6 3. Bf4 Bg7 4. e3 O-O 5. c3 d6 6. a4 c5 7. dxc5 dxc5 8. Qxd8
Rxd8 9. Bc7 Rd7 10. Bg3 Rd8 11. Na3 Nc6 12. Bb5 Bd7 13. Nc4 Ne4 14. O-O-O Nxg3
15. hxg3 Be8 16. a5 Nxa5 17. Rxd8 Rxd8 18. Nxa5 Bxb5 19. Nxb7 Rc8 20. Rd1 Bf6
21. e4 Ba4 22. Rd2 e6 23. Nd6 Rb8 24. Rd3 Bc6 25. Nd2 a5 26. N2c4 a4 27. Na5
Ba8 28. f3 Be5 29. g4 Rd8 30. Nac4 Bf4+ 31. Kc2 Bc6 32. e5 Bd5 33. Nb6 Bb3+ 34.
Kb1 Bxe5 35. Nbc8 Bc4 36. Nxc4 Rxd3 37. Nxe5 Rd2 38. Nb6 Rxg2 39. Nxa4 h5 40.
gxh5 gxh5 41. Nxc5 h4 42. Ncd3 h3 43. Ng4 f5 44. Ngf2 h2 45. f4 Kf7 46. c4 Ke7
47. Kc1 Kd6 48. b4 Kc6 49. Kd1 Rg1+ 50. Ke2 Ra1 51. Ke3 h1=Q 52. Nxh1 Rxh1
1/2-1/2

[Event "Open de Cappelle la Grande"]
[Site "?"]
[Date "2002.??.??"]
[Round "1.50"]
[White "Matlak, Marek"]
[Black "Ryan, Joseph"]
[Result "1/2-1/2"]
[WhiteElo "2488"]
[BlackElo "2305"]
[PlyCount "95"]

1. d4 e6 2. Nf3 d5 3. c4 Nf6 4. Nc3 Be7 5. Bg5 h6 6. Bh4 O-O 7. e3 b6 8. Rb1
Nbd7 9. cxd5 exd5 10. b4 Bb7 11. Qb3 Ne4 12. Bxe7 Qxe7 13. Be2 Ndf6 14. O-O c6
15. Rb2 Rac8 16. Nxe4 Nxe4 17. Ne5 Ba8 18. Bd3 Nd6 19. Rc2 c5 20. bxc5 bxc5 21.
Rxc5 Rxc5 22. dxc5 Qxe5 23. cxd6 Qxd6 24. Qa4 Qc5 25. Rb1 Rd8 26. h3 Kf8 27.
Qb4 Qxb4 28. Rxb4 Ke7 29. Kf1 Bc6 30. Ke2 Kd6 31. Kd2 Kc5 32. Kc3 a5 33. Rf4
Rd7 34. h4 f6 35. Bc2 Rb7 36. a3 Re7 37. Rd4 Rb7 38. Ba4 Bxa4 39. Rxa4 Rb5 40.
h5 Kd6 41. Rg4 Rb7 42. Kd2 Ke6 43. Ke2 Kf7 44. Kf3 Rb5 45. Rd4 Ke6 46. g4 Ke5
47. Kg3 Rc5 48. f4+ 1/2-1/2

[Event "Open de Cappelle la Grande "]
[Site "?"]
[Date "2002.??.??"]
[Round "2.21"]
[White "Shaw, John"]
[Black "Pilgaard, Kim"]
[Result "1-0"]
[WhiteElo "2506"]
[BlackElo "2400"]
[PlyCount "91"]

1. e4 e5 2. Nf3 Nc6 3. Bb5 Nge7 4. O-O g6 5. c3 Bg7 6. d4 exd4 7. cxd4 a6 8.
Bxc6 Nxc6 9. d5 Ne5 10. Nxe5 Bxe5 11. f4 Bg7 12. Nc3 O-O 13. Be3 d6 14. Bd4 Bh6
15. e5 Bf5 16. exd6 cxd6 17. g4 Bc8 18. g5 Bg7 19. Bxg7 Kxg7 20. Qd4+ f6 21.
Ne4 h5 22. Rac1 Bh3 23. Nxf6 Kf7 24. Rf3 Rc8 25. Rxc8 Bxc8 26. Rc3 h4 27. Qc4
Qb6+ 28. Kf1 Rd8 29. Qc7+ Qxc7 30. Rxc7+ Kf8 31. Rh7 Bh3+ 32. Ke1 Rc8 33. Rxh4
Bf5 34. Rh8+ Ke7 35. Rxc8 Bxc8 36. h4 Bf5 37. Kd2 b6 38. b4 Bh3 39. Ke3 Bf5 40.
a3 Bc2 41. Kd4 Bd1 42. Ne4 Kd7 43. Ng3 Bc2 44. h5 gxh5 45. Nxh5 Ke7 46. Ng3 1-0

[Event "Open de Cappelle la Grande"]
[Site "?"]
[Date "2002.??.??"]
[Round "2.30"]
[White "Gurevich, Vladimir"]
[Black "Bosboom-Lanchav, Tea"]
[Result "1/2-1/2"]
[WhiteElo "2476"]
[BlackElo "2326"]
[PlyCount "53"]

1. e4 c5 2. Nf3 Nc6 3. d4 cxd4 4. Nxd4 g6 5. Nc3 Bg7 6. Be3 Nf6 7. Nb3 O-O 8.
Be2 b6 9. O-O Bb7 10. f4 d6 11. Bf3 Nd7 12. Qd2 Rc8 13. Rad1 Nc5 14. Qf2 Qc7
15. Nd5 Qb8 16. Nd4 Rce8 17. Qh4 f6 18. c4 e6 19. Nc3 a6 20. Nde2 Ba8 21. Qf2
Rc8 22. b3 Rfe8 23. h4 Ne7 24. Nd4 e5 25. fxe5 dxe5 26. Nde2 f5 27. Bxc5
1/2-1/2

[Event "Open de Cappelle la Grande"]
[Site "?"]
[Date "2002.??.??"]
[Round "2.14"]
[White "Kurnosov, Igor"]
[Black "Zhang, Pengxiang"]
[Result "1-0"]
[WhiteElo "2419"]
[BlackElo "2522"]
[PlyCount "79"]

1. e4 c5 2. Nf3 Nc6 3. d4 cxd4 4. Nxd4 Nf6 5. Nc3 e5 6. Ndb5 d6 7. Bg5 a6 8.
Na3 Be6 9. Nc4 Rc8 10. Nd5 Bxd5 11. Bxf6 gxf6 12. Qxd5 Nb4 13. Qd2 d5 14. exd5
Qxd5 15. Qxd5 Nxd5 16. O-O-O Nb4 17. c3 Nc6 18. Bd3 Bc5 19. Be4 Rc7 20. Nd6+
Bxd6 21. Rxd6 Ke7 22. Rd3 b5 23. Kb1 h6 24. Rhd1 Rg8 25. Rd6 Rd8 26. R6d5 Rxd5
27. Rxd5 Nd8 28. a4 bxa4 29. Ra5 Ne6 30. Rxa4 Nc5 31. Rc4 Ne6 32. Rxc7+ Nxc7
33. Kc2 Ke6 34. g4 Kd6 35. b4 Nb5 36. Bb7 Nc7 37. Kd3 Ke6 38. Kc4 Kd6 39. Bc8
Kc6 40. Bxa6 1-0

[Event "Open de Cappelle la Grande"]
[Site "?"]
[Date "2002.??.??"]
[Round "2.35"]
[White "Kalod, Adek"]
[Black "Rohrmueller, Ülrich"]
[Result "1-0"]
[WhiteElo "2462"]
[BlackElo "2242"]
[PlyCount "57"]

1. Nf3 Nf6 2. c4 e6 3. Nc3 d5 4. d4 Be7 5. Bg5 h6 6. Bh4 O-O 7. e3 b6 8. Bd3
dxc4 9. Bxc4 Bb7 10. O-O Ne4 11. Bg3 Nxc3 12. bxc3 Nd7 13. Qe2 Bd6 14. e4 Bxg3
15. hxg3 Qe7 16. a4 c5 17. a5 cxd4 18. cxd4 Rfc8 19. Bd3 Rc7 20. Rfb1 Rac8 21.
axb6 axb6 22. e5 Bd5 23. Nd2 f5 24. Nf1 Qg5 25. Ne3 Bb7 26. Qa2 f4 27. Qxe6+
Kh8 28. gxf4 Qxf4 29. Qf5 1-0

[Event "Open de Cappelle la Grande"]
[Site "?"]
[Date "2002.??.??"]
[Round "1.179"]
[White "Houck, Gautier"]
[Black "Bakalarz, Grazyna"]
[Result "1/2-1/2"]
[WhiteElo "1950"]
[BlackElo "2127"]
[Annotator "Cappelois,Echiquier"]
[PlyCount "117"]

1. d4 Nf6 2. c4 g6 3. Nc3 d5 4. Nf3 Bg7 5. e3 O-O 6. Be2 c6 7. O-O Nbd7 8. Qb3
e6 9. Bd2 Ne4 10. Qc2 f5 11. Be1 Kh8 12. Nd2 Qg5 13. f4 Qh6 {
la dame noir est mal positionnee , elle ne peut plus jouer pour le moment} 14.
Ndxe4 fxe4 15. Bg3 Nf6 16. Qd2 Bd7 17. Qe1 {
menace Fh4 - g5  et Fx g5 gain d'un pion pour les blancs} 17... g5 {
les noirs ont vu le piege} 18. fxg5 Qxg5 19. Bf4 Qg6 20. Qg3 Nh5 21. Qxg6 hxg6
22. Bxh5 gxh5 {
pion isole pour les noirs . Les blancs sont mieux , ils ont l' avantage} 23. c5
Rf5 24. Ne2 h4 25. g4 hxg3 26. Nxg3 {maintenant les blancs ont un pion isole}
26... Rf7 27. Bd6 {bon coup , le fou controle la case f8 et empeche les noirs
de doubler leurs tours !!} 27... Be8 28. a4 b6 29. b4 Bh6 30. Rae1 Bg5 31. Rxf7
Bxf7 32. Kf2 Rg8 33. Rf1 Kh7 34. Ke2 Kg6 35. cxb6 axb6 36. a5 bxa5 37. bxa5 Ra8
38. Ra1 Ra6 39. Bc7 Be7 40. Nf1 c5 41. dxc5 Bxc5 42. Nd2 Be8 43. Rb1 e5 44. Rb8
Ba4 45. Nb3 Bxb3 46. Rxb3 d4 47. Bb6 d3+ 48. Kd2 Be7 49. Rb5 Kf5 50. Bd4 Bb4+
51. Bc3 Bxc3+ 52. Kxc3 Rc6+ 53. Kd2 Rc2+ 54. Kd1 Rxh2 55. Rb6 {
force si les blancs ne veulent pas perdre le pion en e3
} 55... Ra2 56. a6 Kg4
57. Rf6 Kg3 58. Ke1 Re2+ 59. Kd1 {si Tx e3 les blanc vont a la promotion . La
nulle est forcee les blancs et les noirs sont bloques .} 1/2-1/2

[Event "Open de Cappelle la Grande"]
[Site "?"]
[Date "2002.??.??"]
[Round "2.24"]
[White "Solak, Dragan"]
[Black "Koerholz, Ludger"]
[Result "1-0"]
[WhiteElo "2501"]
[BlackElo "2395"]
[Annotator "Cappelois,Echiquier"]
[PlyCount "81"]

1. c4 c5 2. g3 Nf6 3. Bg2 g6 4. Nc3 Bg7 5. d3 O-O 6. e4 Nc6 7. Nge2 d6 8. Rb1
a6 9. a3 Rb8 10. b4 cxb4 11. axb4 b5 12. cxb5 axb5 13. d4 Bd7 14. O-O Qc8 15.
Qd3 Bh3 16. Bg5 Bxg2 17. Kxg2 Qb7 18. Rfc1 Rfc8 19. f3 e6 20. Bf4 e5 21. Be3
exd4 22. Nxd4 d5 23. Nxc6 dxe4 24. Qxb5 exf3+ 25. Kxf3 Qa8 26. Qa4 Qxc6+ 27.
Qxc6 Rxc6 28. b5 Rc4 29. Nd5 Rxc1 30. Nxf6+ Bxf6 31. Bxc1 Kf8 32. b6 Rb7 33.
Ke4 Ke7 34. Kd5 Kd7 35. Be3 Bc3 36. Kc5 Kc8 37. Kc6 Be5 38. Bc5 f5 39. Re1 Bf6
40. Re8+ Bd8 41. Rxd8+ {abandon} 1-0

[Event "Open de Cappelle la Grande"]
[Site "?"]
[Date "2002.??.??"]
[Round "2.18"]
[White "Bagheri, Amir"]
[Black "Belkhodja, Slim"]
[Result "1-0"]
[WhiteElo "2410"]
[BlackElo "2506"]
[PlyCount "156"]

1. d4 g6 2. Nf3 Bg7 3. Bg5 Nf6 4. Nbd2 d5 5. Bxf6 Bxf6 6. e4 dxe4 7. Nxe4 Bg7
8. Bc4 O-O 9. Qe2 Nc6 10. O-O-O Bg4 11. c3 e5 12. d5 Na5 13. Bd3 b6 14. h3 Bxf3
15. gxf3 f5 16. Ng3 Nb7 17. Bb5 Nd6 18. Bc6 Rb8 19. a4 a5 20. Kb1 Qh4 21. Rde1
Kh8 22. Nf1 Rf7 23. Ne3 Rbf8 24. Ng2 Qf6 25. h4 h5 26. Ne3 e4 27. Nc2 exf3 28.
Qxf3 Ne4 29. Qg2 Nxc3+ 30. bxc3 Qxc3 31. Kc1 Bh6+ 32. Re3 Bxe3+ 33. fxe3 Kh7
34. Rg1 Rg7 35. Qd2 Qe5 36. Rf1 Re7 37. Rf4 Rf6 38. Qf2 Qd6 39. Qf3 Qc5 40. Rd4
Kg7 41. Qf4 Qc3 42. Rc4 Qd3 43. Bb7 Rd6 44. Kb2 Kh7 45. Rc3 Qe2 46. Kc1 Rdd7
47. Rc4 Qd3 48. Rd4 Qe2 49. Qg3 Rd6 50. Bc6 Qf1+ 51. Kb2 Qh1 52. Ne1 Kg7 53.
Nd3 Kh7 54. Bb7 Re4 55. Nf2 f4 56. Qg5 Qh2 57. Rxe4 Qxf2+ 58. Kb3 Rd7 59. Re7+
Rxe7 60. Qxe7+ Kh6 61. Qf8+ Kh7 62. Qf7+ Kh8 63. Qxf4 Qg1 64. Qe5+ Kg8 65. Qe6+
Kg7 66. Qe7+ Kh6 67. Qg5+ Qxg5 68. hxg5+ Kxg5 69. Kc4 Kf6 70. Kd4 g5 71. Bc8 g4
72. e4 g3 73. e5+ Ke7 74. Bh3 h4 75. Ke4 Ke8 76. Kf3 Kf7 77. Kg4 Ke7 78. Kxh4
Ke8 1-0

[Event "Open de Cappelle la Grande"]
[Site "?"]
[Date "2002.??.??"]
[Round "2.22"]
[White "Khamatgaleev, Alexej"]
[Black "Gallagher, Joseph"]
[Result "1-0"]
[WhiteElo "2400"]
[BlackElo "2503"]
[PlyCount "115"]

1. e4 c5 2. Nf3 d6 3. Bb5+ Nd7 4. d4 Ngf6 5. Nc3 a6 6. Bxd7+ Nxd7 7. dxc5 Nxc5
8. O-O e6 9. Bg5 Qc7 10. Re1 f6 11. Bf4 b5 12. a3 Be7 13. Qd2 Nd7 14. a4 bxa4
15. Rxa4 Ne5 16. Qe2 O-O 17. Rea1 Rb8 18. Bc1 Nxf3+ 19. Qxf3 f5 20. exf5 Rxf5
21. Qe2 d5 22. Nd1 Bd6 23. Rh4 Qe7 24. Rh5 Rxh5 25. Qxh5 e5 26. Ne3 Qe6 27. b3
d4 28. Nc4 Bc7 29. Bb2 Bb7 30. Re1 Re8 31. f3 g6 32. Qg5 Bd5 33. Bxd4 Bxc4 34.
bxc4 Qxc4 35. Be3 a5 36. h3 a4 37. Rd1 a3 38. Qf6 a2 39. Bh6 Qf7 40. Qa6 e4 41.
fxe4 Be5 42. c4 a1=Q 43. Rxa1 Bxa1 44. Qxa1 Rxe4 45. c5 Re2 46. Qd4 Re7 47. Kh2
Re6 48. Bf4 h5 49. Bd6 Qb7 50. Qf4 Qf7 51. Qd4 Re2 52. Qd3 Qe6 53. Qf3 Kh7 54.
Qb7+ Kh6 55. Qa8 Qf6 56. Bf8+ Kh7 57. Qb7+ Kg8 58. Bd6 1-0

[Event "Open de Cappelle la Grande"]
[Site "?"]
[Date "2002.??.??"]
[Round "3.23"]
[White "Brochet, Philippe"]
[Black "Dgebuadze, Alexandre"]
[Result "0-1"]
[WhiteElo "2381"]
[BlackElo "2544"]
[PlyCount "66"]

1. e4 d5 2. Nc3 e6 3. Nf3 Nf6 4. e5 Nfd7 5. d4 c5 6. dxc5 Nc6 7. Bg5 Qa5 8. a3
Qxc5 9. Bf4 a6 10. Bd3 g6 11. O-O Bg7 12. Re1 O-O 13. Qd2 f6 14. exf6 Rxf6 15.
Re2 Qf8 16. Rae1 Rxf4 17. Rxe6 Bxc3 18. bxc3 Rxf3 19. Re8 Nde5 20. Bxg6 hxg6
21. R1xe5 Nxe5 22. Qxd5+ Kh7 23. Rxf8 Rxf8 24. Qxe5 Bf5 25. h3 Rf7 26. Qe2 Rc8
27. c4 Rc6 28. g4 Bd7 29. h4 Re6 30. Qd2 Bc6 31. h5 gxh5 32. gxh5 Ref6 33. Qe3
Rxf2 0-1

[Event "Open de Cappelle la Grande"]
[Site "?"]
[Date "2002.??.??"]
[Round "3.45"]
[White "Chardin, Thierry"]
[Black "Jakubowski, Krzysztof"]
[Result "0-1"]
[WhiteElo "2067"]
[BlackElo "2458"]
[PlyCount "52"]

1. d4 Nf6 2. c4 e6 3. Nc3 Bb4 4. Qc2 O-O 5. a3 Bxc3+ 6. Qxc3 h6 7. g3 d6 8. Bg2
Re8 9. e4 e5 10. d5 a5 11. b4 c6 12. Ne2 Bg4 13. f3 Bd7 14. Be3 axb4 15. axb4
Rxa1+ 16. Qxa1 b5 17. dxc6 Bxc6 18. cxb5 Bxb5 19. Qa5 Qd7 20. Kf2 Bxe2 21. Kxe2
Nc6 22. Qa3 d5 23. Rd1 Qc8 24. exd5 Nd4+ 25. Kf2 Nxd5 26. Rc1 Nc2 0-1

[Event "Open de Cappelle la Grande"]
[Site "?"]
[Date "2002.??.??"]
[Round "3.43"]
[White "Oudot, Jean-Baptiste"]
[Black "Sprenger, Jan Michael"]
[Result "0-1"]
[WhiteElo "2091"]
[BlackElo "2464"]
[PlyCount "69"]

1. d4 Nf6 2. c4 g6 3. Nf3 Bg7 4. Nc3 O-O 5. g3 d6 6. Bg2 Nbd7 7. O-O e5 8. dxe5
dxe5 9. e4 c6 10. h3 Qe7 11. Qe2 Nc5 12. Rd1 Nfd7 13. Bg5 f6 14. Be3 Ne6 15. g4
Re8 16. Ne1 Ndf8 17. Nc2 Nf4 18. Qe1 Nxg2 19. Kxg2 f5 20. f3 fxg4 21. fxg4 Ne6
22. Qg3 Rf8 23. Rd2 Nf4+ 24. Kh2 Bf6 25. Qg1 Qg7 26. Rf1 Be6 27. b3 Qh6 28. Qg3
Bh4 29. Qf3 Qg7 30. Ne2 g5 31. Qh1 h5 32. gxh5 Bxh3 33. Rg1 g4 34. Ng3 Bxg3+
35. Rxg3 0-1

[Event "Open de Cappelle la Grande"]
[Site "?"]
[Date "2002.??.??"]
[Round "3.35"]
[White "Gamback, Bjorn"]
[Black "Murey, Yaacov"]
[Result "1/2-1/2"]
[WhiteElo "2181"]
[BlackElo "2487"]
[PlyCount "112"]

1. e4 c5 2. c3 b6 3. d4 Bb7 4. Bd3 Nf6 5. Nd2 g6 6. Ngf3 d6 7. O-O Bg7 8. Bb5+
Nfd7 9. Re1 O-O 10. Nf1 a6 11. Ba4 Nc6 12. Bg5 h6 13. Be3 b5 14. Bc2 cxd4 15.
cxd4 e5 16. dxe5 Ndxe5 17. Nd4 Nc4 18. Nxc6 Bxc6 19. Bd4 Nxb2 20. Qd2 Nc4 21.
Qc3 Be5 22. Ne3 Nxe3 23. Bxe5 dxe5 24. Qxe3 Kg7 25. Red1 Qe7 26. Qb6 Rfc8 27.
Rd2 Qa3 28. Bb3 Bxe4 29. Qe3 Rc1+ 30. Rd1 Rxa1 31. Rxa1 Qb2 32. Rd1 Bf5 33. h3
h5 34. Rd6 a5 35. Qg5 e4 36. g4 hxg4 37. hxg4 e3 38. Qxe3 Bxg4 39. Qe7 Rf8 40.
Rxg6+ Kxg6 41. Qxf8 Qc1+ 42. Kg2 Qc6+ 43. Kg1 Be6 44. Qg8+ Kf5 45. Bc2+ Kf6 46.
Qd8+ Kg7 47. Qg5+ Kf8 48. Qd8+ Qe8 49. Qd6+ Kg7 50. Qg3+ Kf6 51. Qc3+ Ke7 52.
Qc5+ Kd8 53. Qb6+ Kc8 54. Qa6+ Kc7 55. Qxa5+ Kd6 56. Qb4+ Kc7 1/2-1/2

[Event "Open de Cappelle la Grande"]
[Site "?"]
[Date "2002.??.??"]
[Round "3.30"]
[White "Czarnota, Pawel"]
[Black "Nikitin, Andrey"]
[Result "0-1"]
[WhiteElo "2194"]
[BlackElo "2506"]
[PlyCount "110"]

1. e4 e6 2. d4 d5 3. Nd2 Nf6 4. e5 Nfd7 5. Bd3 c5 6. c3 b6 7. Nh3 Ba6 8. Bxa6
Nxa6 9. O-O Nc7 10. Qg4 h5 11. Qg3 g6 12. Nf3 Be7 13. Be3 c4 14. Nfg5 b5 15.
Qf3 Bxg5 16. Bxg5 Qc8 17. Qf4 Kf8 18. Rae1 Ne8 19. Qe3 Ng7 20. Bh6 Qe8 21. f3
Kg8 22. g4 a5 23. Kh1 b4 24. Rg1 h4 25. Qg5 Qd8 26. f4 Qxg5 27. Bxg5 Kf8 28.
Bf6 Nxf6 29. exf6 Ne8 30. f5 exf5 31. gxf5 gxf5 32. Re5 Nxf6 33. Rxf5 Ra6 34.
Rgf1 Ke7 35. Ng5 bxc3 36. bxc3 Rb6 37. Kg2 h3+ 38. Kg3 Rh6 39. Re5+ Kf8 40.
Ref5 Kg7 41. Nxh3 Ne4+ 42. Kg4 Rbg6+ 43. Ng5 Nxg5 44. Rxg5 Rxh2 45. Rxg6+ Kxg6
46. Kf4 f6 47. Rb1 Rf2+ 48. Kg4 Rxa2 49. Rb5 a4 50. Rxd5 a3 51. Ra5 Ra1 52. Kg3
a2 53. Kg2 f5 54. Ra6+ Kf7 55. d5 f4 0-1

[Event "Cappelle La Grande"]
[Site "Cappelle la Grande"]
[Date "2002.02.11"]
[Round "3"]
[White "Potapov, A."]
[Black "Degraeve, JM."]
[Result "1/2-1/2"]
[WhiteElo "2477"]
[BlackElo "2591"]
[PlyCount "92"]

1. d4 Nf6 2. c4 c5 3. d5 b5 4. cxb5 a6 5. Nc3 axb5 6. e4 b4 7. Nb5 d6 8. Bf4 g5
9. Be3 Bg7 10. f3 h6 11. a4 bxa3 12. Rxa3 Rxa3 13. Nxa3 Nbd7 14. Ne2 Nh5 15.
Qd2 Ba6 16. Nc1 Bxf1 17. Rxf1 Qb8 18. Nd3 Ne5 19. Nxe5 Bxe5 20. g4 Nf4 21. Nc4
Bf6 22. Qc2 Ng6 23. f4 gxf4 24. Bxf4 Nxf4 25. Rxf4 h5 26. Kf1 hxg4 27. Qa4+ Kf8
28. Rxg4 Qe8 29. Qc6 Bd4 30. Kg2 f6 31. Qxe8+ Kxe8 32. h4 Kf7 33. Kh3 Rb8 34.
Rg2 Rb4 35. Rc2 Rb3+ 36. Kg4 Rd3 37. Rd2 Rb3 38. h5 Rb8 39. Rh2 Rg8+ 40. Kf3
Rg1 41. h6 Kg8 42. Rg2+ Rxg2 43. Kxg2 Kh7 44. Kf3 Kxh6 45. Kg4 Kg6 46. b3 Bc3
1/2-1/2

[Event "Cappelle La Grande"]
[Site "Cappelle la Grande"]
[Date "2002.02.11"]
[Round "3"]
[White "Kotronias, V."]
[Black "Fontaine, R."]
[Result "1-0"]
[WhiteElo "2568"]
[BlackElo "2469"]
[PlyCount "87"]

1. e4 c6 2. d4 d5 3. e5 c5 4. dxc5 e6 5. Be3 Nh6 6. c3 Nf5 7. Bd4 Bd7 8. Nf3
Nc6 9. a3 a5 10. Be2 f6 11. O-O Nfxd4 12. cxd4 fxe5 13. Bb5 exd4 14. Bxc6 bxc6
15. Qxd4 Qf6 16. Qe3 Qh6 17. Qc3 Qf6 18. Qc2 Be7 19. Nc3 O-O 20. Rae1 Be8 21.
Ne5 Rb8 22. Na4 Qf5 23. Qc3 Rb5 24. f4 h5 25. b4 axb4 26. axb4 g5 27. Nb6 gxf4
28. Nc8 Rb7 29. b5 Kh7 30. b6 h4 31. Nxe7 Rxe7 32. Nf3 Rg8 33. Re5 Qg4 34. Qc2+
Bg6 35. Qf2 Bd3 36. h3 Qg3 37. Rh5+ Kg6 38. Rg5+ Qxg5 39. Nxg5 Bxf1 40. Nf3 Ba6
41. Qxh4 Ree8 42. Qxf4 Rgf8 43. Ne5+ Kh7 44. Qh4+ 1-0

[Event "Cappelle La Grande"]
[Site "Cappelle la Grande"]
[Date "2002.02.11"]
[Round "3"]
[White "Arkell, K."]
[Black "Kazhgaleyev, M."]
[Result "0-1"]
[WhiteElo "2463"]
[BlackElo "2561"]
[PlyCount "80"]

1. d4 Nf6 2. Nf3 g6 3. c4 Bg7 4. g3 d5 5. cxd5 Nxd5 6. Bg2 Nb6 7. Nc3 Nc6 8. e3
e5 9. d5 Nb4 10. e4 c6 11. a3 Na6 12. O-O cxd5 13. exd5 O-O 14. Re1 Re8 15. Ra2
Bd7 16. b3 Nc5 17. Rae2 f6 18. Bb2 Rc8 19. h3 a5 20. a4 Bf5 21. Nd4 Bd3 22. Re3
f5 23. Ne6 Nxe6 24. Rxd3 e4 25. Rd2 Nc5 26. Bf1 Nbd7 27. f4 Qb6 28. Kg2 Nxb3
29. Bb5 Nxd2 30. Qxd2 Red8 31. d6 Qd4 32. Qc2 Rxc3 33. Bxc3 Qxc3 34. Qa2+ Kh8
35. Re2 Nf6 36. Rc2 Qf3+ 37. Kh2 Nh5 38. Rg2 Rxd6 39. Be2 Qc3 40. Bxh5 gxh5 0-1

[Event "Cappelle La Grande"]
[Site "Cappelle la Grande"]
[Date "2002.02.11"]
[Round "3"]
[White "Halkias, S."]
[Black "Cosma, I."]
[Result "1/2-1/2"]
[WhiteElo "2546"]
[BlackElo "2461"]
[PlyCount "66"]

1. d4 d5 2. c4 e6 3. Nf3 c6 4. e3 Nf6 5. Bd3 Nbd7 6. O-O dxc4 7. Bxc4 b5 8. Bd3
Bb7 9. e4 Be7 10. Bg5 a6 11. Nbd2 h6 12. Bh4 g5 13. Bg3 Nh5 14. Nb3 Nxg3 15.
hxg3 c5 16. dxc5 Nxc5 17. Nxc5 Bxc5 18. Qe2 Qb6 19. Rac1 Ke7 20. a4 bxa4 21.
Rc4 Bd6 22. e5 Bb4 23. Be4 Rhc8 24. Rd1 Rxc4 25. Qxc4 Rd8 26. Rxd8 Kxd8 27.
Bxb7 Qxb7 28. Nd4 a5 29. Nc6+ Ke8 30. Nxa5 Bxa5 31. Qxa4+ Qd7 32. Qxa5 Qd1+ 33.
Kh2 Qh5+ 1/2-1/2

[Event "Cappelle La Grande"]
[Site "Cappelle la Grande"]
[Date "2002.02.11"]
[Round "3"]
[White "Pushkov, N."]
[Black "Shirazi, K."]
[Result "1-0"]
[WhiteElo "2516"]
[BlackElo "2455"]
[PlyCount "135"]

1. d4 Nf6 2. Nf3 d6 3. c4 g6 4. Nc3 Bf5 5. g3 Bg7 6. Bg2 Ne4 7. Nxe4 Bxe4 8.
O-O O-O 9. Bd2 c5 10. Bc3 Nc6 11. d5 Bxc3 12. bxc3 Na5 13. Nd2 Bxg2 14. Kxg2
Qd7 15. a4 e6 16. Rb1 b6 17. e3 Rae8 18. Rb5 Re7 19. Qc2 Qb7 20. Qd3 Rc8 21.
Rd1 exd5 22. cxd5 c4 23. Qd4 f5 24. h4 Rc5 25. Nf3 Re4 26. Qf6 Qe7 27. Qxe7
Rxe7 28. Nd4 Kf7 29. Ne6 Rc8 30. h5 Nb3 31. Kf3 Kf6 32. hxg6 hxg6 33. g4 Rh7
34. g5+ Ke7 35. Rb4 Kd7 36. Nf4 Rg7 37. Ke2 Nc5 38. Rxc4 Ne4 39. Rxc8 Kxc8 40.
Rc1 Nxg5 41. f3 Rh7 42. Nxg6 Rh2+ 43. Kd3 Nxf3 44. Rf1 Rh3 45. Ne7+ Kc7 46.
Nxf5 a6 47. Nd4 Ne5+ 48. Ke4 Kd7 49. Nf5 Nc4 50. Rg1 Rh7 51. Rg6 Rf7 52. Kd4
Rxf5 53. Rg7+ Kc8 54. Kxc4 b5+ 55. axb5 axb5+ 56. Kxb5 Rxd5+ 57. Kc6 Rc5+ 58.
Kxd6 Rxc3 59. e4 Rd3+ 60. Ke6 Ra3 61. e5 Ra6+ 62. Ke7 Ra1 63. e6 Rh1 64. Kf8
Rf1+ 65. Rf7 Rh1 66. Rf2 Rh8+ 67. Kg7 Rh1 68. Rf8+ 1-0

[Event "Cappelle La Grande"]
[Site "Cappelle la Grande"]
[Date "2002.02.11"]
[Round "3"]
[White "Shaw, J."]
[Black "Kurnosov, I."]
[Result "1/2-1/2"]
[WhiteElo "2506"]
[BlackElo "2419"]
[PlyCount "58"]

1. e4 c5 2. Nf3 e6 3. c3 d5 4. exd5 exd5 5. d4 Nf6 6. Bg5 Nc6 7. Bb5 Qb6 8.
Qe2+ Be6 9. Nbd2 c4 10. Bxc6+ bxc6 11. b3 cxb3 12. axb3 Bd6 13. Ne5 O-O 14. O-O
a5 15. Bxf6 gxf6 16. Ng4 Kg7 17. f4 Qb5 18. c4 dxc4 19. f5 Bxf5 20. bxc4 Qb2
21. Qf2 Bxg4 22. Qxf6+ Kg8 23. Qg5+ Kh8 24. Qf6+ Kg8 25. Ne4 Bc7 26. Rab1 Qe2
27. Qg5+ Kh8 28. Qf6+ Kg8 29. Qf4 Bc8 1/2-1/2